Estadísticas para Capitales de los miembros de UE sin pistas

Haz click aquí para tomar la prueba!

Estadísticas generales

  • Esta prueba ha sido tomada 1.580 veces
    (1.563 desde el último reinicio)
  • La puntuación promedio es 23 de 27

Estadísticas de respuestas

PaísCapital% Correcto
EspañaMadrid
99%
FranciaParís
97%
AlemaniaBerlín
96%
ItaliaRoma
96%
PortugalLisboa
95%
BélgicaBruselas
92%
Países BajosÁmsterdam
92%
GreciaAtenas
91%
AustriaViena
90%
IrlandaDublin
90%
HungríaBudapest
88%
PoloniaVarsovia
87%
República ChecaPraga
87%
SueciaEstocolmo
86%
FinlandiaHelsinki
86%
RumaniaBucarest
86%
BulgariaSofía
84%
LuxemburgoLuxemburgo
83%
CroaciaZagreb
81%
EstoniaTallin
80%
DinamarcaCopenhague
79%
LetoniaRiga
75%
MaltaLa Valeta
74%
EslovaquiaBratislava
73%
EsloveniaLiubliana
71%
LituaniaVilna
68%
ChipreNicosia
56%

Distribución de puntuación

Porcentaje por número respondido

Porcentaje de gente con cada puntuación

Historial de tus puntuaciones

No has tomado esta prueba desde el último reinicio